Fundamental statistics for the behavioral sciences / (Record no. 27757)
[ view plain ]
| 000 -LEADER | |
|---|---|
| fixed length control field | 01250cam a22003495i 4500 |
| 001 - CONTROL NUMBER | |
| control field | 015484764 |
| 003 - CONTROL NUMBER IDENTIFIER | |
| control field | EG-ScBUE |
| 005 - DATE AND TIME OF LATEST TRANSACTION | |
| control field | 20191114135805.0 |
| 008 - FIXED-LENGTH DATA ELEMENTS--GENERAL INFORMATION | |
| fixed length control field | 100203t2017 maua f b 001 0 eng d |
| 020 ## - INTERNATIONAL STANDARD BOOK NUMBER | |
| International Standard Book Number | 9781305652972 (pbk.) |
| 020 ## - INTERNATIONAL STANDARD BOOK NUMBER | |
| International Standard Book Number | 1305652975 (pbk.) |
| 040 ## - CATALOGING SOURCE | |
| Original cataloging agency | StDuBDS |
| Language of cataloging | eng |
| Description conventions | rda |
| Transcribing agency | StDuBDS |
| Modifying agency | Uk |
| -- | EG-ScBUE |
| 082 04 - DEWEY DECIMAL CLASSIFICATION NUMBER | |
| Classification number | 519.5 |
| Item number | HOW |
| Edition number | 22 |
| 100 1# - MAIN ENTRY--PERSONAL NAME | |
| Personal name | Howell, David C. |
| Relator term | author. |
| 245 10 - TITLE STATEMENT | |
| Title | Fundamental statistics for the behavioral sciences / |
| Statement of responsibility, etc | David C. Howell, University of Vermont. |
| 250 ## - EDITION STATEMENT | |
| Edition statement | Ninth edition. |
| 250 ## - EDITION STATEMENT | |
| Edition statement | Student edition. |
| 264 #1 - PUBLICATION, DISTRIBUTION, ETC. (IMPRINT) | |
| Place of publication, distribution, etc | Boston, MA. : |
| Name of publisher, distributor, etc | Cengage Learning, |
| Date of publication, distribution, etc | [2017] |
| 264 #4 - PUBLICATION, DISTRIBUTION, ETC. (IMPRINT) | |
| Date of publication, distribution, etc | c2017 |
| 300 ## - PHYSICAL DESCRIPTION | |
| Extent | xx, 647 pages : |
| Other physical details | illustrations ; |
| Dimensions | 24 cm |
| 336 ## - CONTENT TYPE | |
| Content type term | text |
| Content type code | txt |
| Source | rdacontent |
| 337 ## - MEDIA TYPE | |
| Media type term | unmediated |
| Media type code | n |
| Source | rdamedia |
| 338 ## - CARRIER TYPE | |
| Carrier type term | volume |
| Carrier type code | nc |
| Source | rdacarrier |
| 504 ## - BIBLIOGRAPHY, ETC. NOTE | |
| Bibliography, etc | Includes bibliographical references and index. |
| 650 #7 - SUBJECT ADDED ENTRY--TOPICAL TERM | |
| Topical term or geographic name as entry element | Social sciences |
| General subdivision | Statistical methods. |
| Source of heading or term | BUEsh |
| 650 #7 - SUBJECT ADDED ENTRY--TOPICAL TERM | |
| Topical term or geographic name as entry element | Psychometrics. |
| Source of heading or term | BUEsh |
| 9 (RLIN) | 4480 |
| 650 #7 - SUBJECT ADDED ENTRY--TOPICAL TERM | |
| Topical term or geographic name as entry element | Psychology |
| General subdivision | Statistical methods. |
| Source of heading or term | BUEsh |
| 9 (RLIN) | 39934 |
| 653 ## - INDEX TERM--UNCONTROLLED | |
| Resource For college | Humanities: Psychology |
| Arrived date list | November2019 |
| 655 ## - INDEX TERM--GENRE/FORM | |
| Form subdivision | Text book |
| 856 42 - ELECTRONIC LOCATION AND ACCESS | |
| Materials specified | Access your online learning solution |
| Uniform Resource Identifier | <a href="https://www.cengagebrain.co.uk/shop?DM_PersistentCookieCreated=true">https://www.cengagebrain.co.uk/shop?DM_PersistentCookieCreated=true</a> |
| 942 ## - ADDED ENTRY ELEMENTS (KOHA) | |
| Source of classification or shelving scheme | Dewey Decimal Classification |
| Koha item type | Book - Textbooks |
| Withdrawn status | Lost status | Source of classification or shelving scheme | Damaged status | Not for loan | Collection code | Home library | Current library | Shelving location | Date acquired | Source of acquisition | Cost, normal purchase price | Total Checkouts | Full call number | Barcode | Date last seen | Cost, replacement price | Price effective from | Koha item type | Total Renewals | Date checked out |
|---|---|---|---|---|---|---|---|---|---|---|---|---|---|---|---|---|---|---|---|---|
| Dewey Decimal Classification | Baccah | Central Library | Central Library | First floor | 13/11/2019 | Purchase | 750.00 | 519.5 HOW | 000048228 | 15/07/2025 | 937.50 | 13/11/2019 | NB - Book (Non borrowing) | |||||||
| Dewey Decimal Classification | Baccah | Central Library | Central Library | First floor | 13/11/2019 | Purchase | 750.00 | 519.5 HOW | 000048229 | 15/07/2025 | 937.50 | 13/11/2019 | NB - Book (Non borrowing) | |||||||
| Dewey Decimal Classification | Baccah | Central Library | Central Library | First floor | 13/11/2019 | Purchase | 750.00 | 519.5 HOW | 000048230 | 15/07/2025 | 937.50 | 13/11/2019 | Book - Borrowing | |||||||
| Dewey Decimal Classification | Baccah | Central Library | Central Library | First floor | 13/11/2019 | Purchase | 750.00 | 2 | 519.5 HOW | 000048231 | 24/08/2022 | 937.50 | 13/11/2019 | Book - Borrowing | 2 | 17/06/2021 | ||||
| Dewey Decimal Classification | Baccah | Central Library | Central Library | First floor | 13/11/2019 | Purchase | 750.00 | 519.5 HOW | 000048232 | 15/07/2025 | 937.50 | 13/11/2019 | Book - Borrowing |